000 00424nmm a2200145Ia 4500
008 251105s9999||||xx |||||||||||||||||und||
041 _aspa
100 _aKane, Ben
245 0 _aLa caza de las águilas :
_b Águilas en guerra 2
264 _a[Madrid, España] :
_bEdiciones B,
_c2016
300 _a512 páginas
650 _aHistorical fiction
856 _uhttps://public.digitaliapublishing.com/a/53886
942 _cCF
999 _c105868
_d105868